Loading...
| Fine Arts - Other | 0 | 4 | 0 | 0 | 40 | 105 | 109.25 | 4 | 4 | 0.00 | 0.00 |
| Geography | 2 | 1 | 0 | 1 | 40 | 66 | 102.00 | 0 | 3 | 0.00 | 0.00 |
| Current Events | 1 | 1 | 0 | 0 | 25 | 75 | 85.50 | 0 | 2 | 0.00 | 0.00 |
| Other Academic | 0 | 2 | 0 | 1 | 20 | 125 | 134.50 | 0 | 2 | 0.00 | 0.00 |
| Fine Arts - Auditory | 0 | 3 | 2 | 1 | 20 | 92 | 132.00 | 2 | 3 | 0.00 | 0.00 |
| History - World | 0 | 2 | 0 | 2 | 20 | 123 | 133.00 | 1 | 2 | 0.00 | 0.00 |
| Science - Chemistry | 0 | 2 | 1 | 0 | 15 | 95 | 108.00 | 1 | 2 | 0.00 | 0.00 |
| Mythology | 0 | 1 | 0 | 1 | 10 | 147 | 147.00 | 1 | 1 | 0.00 | 0.00 |
| History - Ancient/Other | 0 | 1 | 0 | 0 | 10 | 124 | 124.00 | 0 | 1 | 0.00 | 0.00 |
| Religion | 0 | 1 | 0 | 0 | 10 | 94 | 94.00 | 0 | 1 | 0.00 | 0.00 |
| Science - Biology | 0 | 1 | 0 | 1 | 10 | 131 | 131.00 | 0 | 1 | 0.00 | 0.00 |
| Science - Physics | 0 | 1 | 0 | 1 | 10 | 135 | 135.00 | 0 | 1 | 0.00 | 0.00 |
| Social Science | 0 | 1 | 1 | 1 | 5 | 146 | 146.00 | 1 | 1 | 0.00 | 0.00 |